000 01567nam0a2200349 4500
001 RU\NLR\BIBL_A\022282674
005 20240820114127.0
010 _a978-5-04-174765-7
_92000
021 _aRU
_bКН-П-24-033496
_9КН-П-24-3387
035 _a(NLR Aleph) 022282674
090 _a13224865
_c13224865
100 _a20240723d2024 u y0rusy50 ca
101 1 _arus
_cund
102 _aRU
105 _aa z 000yy
181 0 _ai3
_baxxe
182 0 _an
200 1 _aФрагменты из трактатов
_fЗенон Китийский
203 _aТекст
_bвизуальный
_cнепосредственный
210 _aМосква
_cБомбора
_cЭксмо
_d2024
215 _a175 с.
_cил.
_d21
225 1 _aБиблиотека стоика
333 _a12+
423 0 _12001#$aПравила$eсборник философских произведений двух великих мыслителей древности$e[перевод]$fЭпиктет
_1210##$aМосква$d2024
_1215##$aС. 129-175$cил.
_1700#0$aЭпиктет$cфилософ$fок.50-ок.138$3RU\NLR\AUTH\777161
_tПравила
_aЭпиктет (философ ; ок.50-ок.138)
606 1 _aСтоицизм
_91845867
_3RU\NLR\AUTH\66836017
686 1 _aЮ3(0)322.231-0
686 1 _aЮ3(0)323-231.3-0
700 0 _7ca
_8rus
_aЗенон
_fок. 335 - 262 до н. э.
_9120388
_3RU\NLR\AUTH\7710621
942 _cBOOK
980 _aNB